Matematická statistika

Bibliographic Details
Main Author: Anděl, Jiří, 1939-2021 (Author)
Format: Book
Language:Czech
PhysicalDescription:346 strán grafy, tabuľky 24 cm
Published: Praha Bratislava Státní nakladatelství technické literatury Alfa, vyavateľstvo technickej a ekonomickej literatúry 1985
Edition:2. vyd.
Subjects:

MARC

LEADER 00000cam a2200000 a 4500
001 vtls001149086
003 SK-MaSNL
005 20260301002154.0
008 240226s1985 xr dl frnp 001 0 cze
015 |a SNBA1985 
020 |q (viazané) 
035 |a SNK000091946 
035 |a C3069716-66EE-4E01-8F58-689194FDBCA3 
035 |a urn:nbn:sk:snk-am00ijck 
040 |a SNK  |b slo  |c SNK  |e AACR2 
041 0 |a cze 
044 |a xr  |c CZ 
072 7 |a 519  |x Kombinatorika. Teória grafov. Matematická štatistika. Operačný výskum. Matematické modelovanie  |2 konspekt 
072 7 |a 37.016  |x Učebné osnovy. Vyučovacie predmety. Učebnice  |2 konspekt 
080 |a 519.22  |2 2011 
080 |a (075.8)  |2 2011 
100 1 |a Anděl, Jiří,  |d 1939-2021  |4 aut  |9 120711 
245 1 0 |a Matematická statistika  |c Jiří Anděl 
250 |a 2. vyd. 
260 |a Praha  |b Státní nakladatelství technické literatury  |a Bratislava  |b Alfa, vyavateľstvo technickej a ekonomickej literatúry  |c 1985 
300 |a 346 strán  |b grafy, tabuľky  |c 24 cm 
366 |e 4200 kusov 
500 |a Rozložený titulný list 
500 |a Spoluvydala Alfa, Bratislava 
504 |a Bibliografia na strane 341-342. Register na strane 343-346 
650 0 7 |a matematická štatistika  |2 SNKPH  |9 777 
655 7 |a učebnice vysokých škôl  |2 SNKPH  |9 70191 
710 2 |a Alfa (vydavateľstvo)  |4 pbl  |9 57497 
852 |a Slovenská národná knižnica 
954 |a odborná, vedecká literatúra cudzojazyčná (svetová)  |2 lita 
958 |a RK 
958 |a TL 
958 |a CZ 
958 |a OND 
958 |a UV 
958 |a NB 
958 |a EUIPO 
999 |c 536730  |d 538660 
952 |a SNK  |b SNK  |y PREZ  |7 0  |p 17A0918218  |o snkSC 63161  |i snkKIP 4141/85  |0 0  |1 0  |4 0  |d 2012-08-07  |f 1  |l 0  |r 2025-06-23 00:00:00  |w 2026-02-23 
952 |t P60, <04>, [BOOK], {604}  |a SNK  |b SNK  |y VYP  |7 0  |p 17A0109608  |o snkSC 63161 D1  |3 Poškodená väzba!  |0 0  |1 0  |4 0  |d 1997-11-15  |l 0  |r 2005-01-01 00:00:00  |w 2026-02-23